1786 1631 1998 1757 1954 1057 1324 1475 1648 1032 1955 1406 1543 1045 1640 1051 1043 1159 1194 1374 1289 1975 1602 1254 1806 1776 1096 1189 1282 1261 1005 1348 1995 1089 1423 1335 1897 1326 1760 1748 1867 1324 1705 1602 1749 1910 1175 1803 1764 1357 1355 1901 1001 1750 1808 1326 1020 1637 1164 1713 1101 1667 1879 1446 1361 1831 1495 1969 1959 1257 1216 1440 1233 1962 1316 1311 1296 1695 1448 1818 1944 1526 1379 1935 1213 1103 1775 1665 1621 1405 1301 1355 1695 1772 1191 1952 1237 1573 1972 BCNSPRNW ULIB Ver.6.0+V

เปลี่ยนเป็นภาษาไทย

Change to English
 แสดงรายละเอียดบรรณานุกรม
  กลับหน้าหลัก

Brief Record : Get Marc (ISO 2709) : E-mail record : QR code < ปิดหน้าต่าง
LEADER : 00000nam 2200000uu 4500
001    13399125472
003     ULIB
008    170612s2559||||th 000 0 tha d
020    ^a9786163447678
060  0 ^aWC536^bย415ด
100 0  ^aยุพาพิน ประเสริฐกุล
245 10 ^aดูแลตับเทคนิคการป้องกันและรักษาโรคไวรัสตับทุกชนิด /^cยุพาพิน ประเสริฐกุล
250    ^aพิมพ์ครั้งที่ 2 ( ราคา 160 บาท )
260    ^aกรุงเทพฯ :^bFeel good,^c2559
300    ^a208 หน้า :^bภาพประกอบ ; ตาราง ;^c20.5ซม.
505 0  ^a1. วิธีบำรุงรักษาสุขภาพตับ
505 0  ^a2. ปัจจัยเสี่ยงที่ส่งผลถึงตับ
505 0  ^a3. สัญญาณเตือนจากตับ
505 0  ^a4. ชนิดและอาการของโรคตับ
505 0  ^a5. ไวรัสตับอักเสบเอ
505 0  ^a6. ไวรัสตับอักเสบบี
505 0  ^a7. ไวรัสตับอักเสบซี
505 0  ^a8. โภชนาการบำบัดสำหรับผู้ป่วยเป็นโรคไวรัสตับอักเสบชนิดเรื้อรัง
505 0  ^a9. โภชนาการบำบัดสำหรับผู้ป่วยเป็นโรคไวรัสตับอักเสบชนิดเฉียบพลัน
650  7 ^aไวรัสตับอักเสบ
650  7 ^aตับ
945    ^p0^l0^i002243
945    ^p0^l0^i002244
945    ^p0^l0^i002245
945    ^p0^l0^i002246
945    ^p0^l0^i002247
945    ^p0^l0^i002248
945    ^p0^l0^i002249
945    ^p0^l0^i002250
945    ^p0^l0^i002251
945    ^p0^l0^i002252
999    ^aวรรณษา ชูชัยมงคล
รายการนี้ยังไม่มีแท็ก
คุณยังไม่ได้ล็อกอิน คุณสามารถมีกิจกรรมร่วมกับเว็บไซต์ได้ แต่ต้องล็อกอินก่อน ::
  ล็อกอิน

รายการสื่อสารสนเทศ

ลำดับที่ ประเภท เลขเรียก/บาร์โค้ด สถานที่ สถานะ
1. วิทยาศาสตร์การแพทย์ และสุขภาพ
วิทยาศาสตร์การแพทย์ และสุขภาพ
WC536 ย415ด ฉ.1 
  Barcode: 002243
ห้องสมุดวิทยาเขตสวรรค์ประชารักษ์
►หนังสือทั่วไป
บนชั้น
2. วิทยาศาสตร์การแพทย์ และสุขภาพ
วิทยาศาสตร์การแพทย์ และสุขภาพ
WC536 ย415ด ฉ.10 
  Barcode: 002252
ห้องสมุดวิทยาเขตสวรรค์ประชารักษ์
►หนังสือทั่วไป
บนชั้น
3. วิทยาศาสตร์การแพทย์ และสุขภาพ
วิทยาศาสตร์การแพทย์ และสุขภาพ
WC536 ย415ด ฉ.2 
  Barcode: 002244
ห้องสมุดวิทยาเขตสวรรค์ประชารักษ์
►หนังสือทั่วไป
บนชั้น
4. วิทยาศาสตร์การแพทย์ และสุขภาพ
วิทยาศาสตร์การแพทย์ และสุขภาพ
WC536 ย415ด ฉ.3 
  Barcode: 002245
ห้องสมุดวิทยาเขตสวรรค์ประชารักษ์
►หนังสือทั่วไป
บนชั้น
5. วิทยาศาสตร์การแพทย์ และสุขภาพ
วิทยาศาสตร์การแพทย์ และสุขภาพ
WC536 ย415ด ฉ.4 
  Barcode: 002246
ห้องสมุดวิทยาเขตสวรรค์ประชารักษ์
►หนังสือทั่วไป
บนชั้น
6. วิทยาศาสตร์การแพทย์ และสุขภาพ
วิทยาศาสตร์การแพทย์ และสุขภาพ
WC536 ย415ด ฉ.5 
  Barcode: 002247
ห้องสมุดวิทยาเขตสวรรค์ประชารักษ์
►หนังสือทั่วไป
บนชั้น
7. วิทยาศาสตร์การแพทย์ และสุขภาพ
วิทยาศาสตร์การแพทย์ และสุขภาพ
WC536 ย415ด ฉ.6 
  Barcode: 002248
ห้องสมุดวิทยาเขตสวรรค์ประชารักษ์
►หนังสือทั่วไป
บนชั้น
8. วิทยาศาสตร์การแพทย์ และสุขภาพ
วิทยาศาสตร์การแพทย์ และสุขภาพ
WC536 ย415ด ฉ.7 
  Barcode: 002249
ห้องสมุดวิทยาเขตสวรรค์ประชารักษ์
►หนังสือทั่วไป
บนชั้น
9. วิทยาศาสตร์การแพทย์ และสุขภาพ
วิทยาศาสตร์การแพทย์ และสุขภาพ
WC536 ย415ด ฉ.8 
  Barcode: 002250
ห้องสมุดวิทยาเขตสวรรค์ประชารักษ์
►หนังสือทั่วไป
บนชั้น
10. วิทยาศาสตร์การแพทย์ และสุขภาพ
วิทยาศาสตร์การแพทย์ และสุขภาพ
WC536 ย415ด ฉ.9 
  Barcode: 002251
ห้องสมุดวิทยาเขตสวรรค์ประชารักษ์
►หนังสือทั่วไป
บนชั้น

รายการใกล้เคียง
    ผู้แต่ง [ยุพาพิน ประเสริฐกุล]

    หัวเรื่อง [ไวรัสตับอักเสบ]
    หัวเรื่อง [ตับ]

BibComment


ยังไม่เคยถูกคอมเมนท์

คอมเมนท์ทรัพยากรรายการนี้
  คอมเมนท์: ดูแลตับเทคนิคการ..


 Copyright 2026. Bcnsprnw @Library